<?xml version="1.0" encoding="UTF-8"?>
<record
    xmlns:xsi="http://www.w3.org/2001/XMLSchema-instance"
    xsi:schemaLocation="http://www.loc.gov/MARC21/slim http://www.loc.gov/standards/marcxml/schema/MARC21slim.xsd"
    xmlns="http://www.loc.gov/MARC21/slim">

  <leader>01788nam a2200301uu 4500</leader>
  <controlfield tag="001">1512310</controlfield>
  <controlfield tag="005">20260508092738.0</controlfield>
  <controlfield tag="007">cr|||||||</controlfield>
  <controlfield tag="008">181121s2018                        spa  </controlfield>
  <datafield tag="035" ind1=" " ind2=" ">
    <subfield code="a">1512310</subfield>
  </datafield>
  <datafield tag="040" ind1=" " ind2=" ">
    <subfield code="c">comduadb</subfield>
  </datafield>
  <datafield tag="041" ind1=" " ind2=" ">
    <subfield code="a">spa</subfield>
  </datafield>
  <datafield tag="080" ind1=" " ind2=" ">
    <subfield code="a">EMA</subfield>
  </datafield>
  <datafield tag="100" ind1="1" ind2="0">
    <subfield code="a">Soto, Juan Esteban</subfield>
    <subfield code="4">aut</subfield>
    <subfield code="e">aut</subfield>
    <subfield code="9">778880</subfield>
  </datafield>
  <datafield tag="245" ind1="1" ind2="4">
    <subfield code="a">Las cenizas volantes: un residuo como alternativa para el tratamiento de aguas residuales municipales</subfield>
  </datafield>
  <datafield tag="260" ind1=" " ind2=" ">
    <subfield code="a">Medell&#xED;n :</subfield>
    <subfield code="b">[sin publicador],</subfield>
    <subfield code="c">2018.</subfield>
  </datafield>
  <datafield tag="300" ind1=" " ind2=" ">
    <subfield code="a">24 p&#xE1;ginas</subfield>
  </datafield>
  <datafield tag="520" ind1="3" ind2=" ">
    <subfield code="a">En este trabajo se plantea la alternativa de utilizar las cenizas volantes, subproducto de procesos de combusti&#xF3;n con materiales s&#xF3;lidos, como complemento a los sistemas de tratamiento de aguas residuales domesticas de los municipios, a fin de lograr remociones de DBO, turbiedad, pero principalmente de nutrientes ligados a nitr&#xF3;geno y f&#xF3;sforo, reduciendo as&#xED; las fuentes de eutrofizaci&#xF3;n de los cuerpos de agua. Para platear este compuesto como un posible material adsorbente, se recurri&#xF3; a conceptos t&#xE9;cnicos y bibliograf&#xED;a, a trav&#xE9;s de la cual se revisaron las diferentes metodolog&#xED;as de remoci&#xF3;n de nutrientes (medios f&#xED;sicos, qu&#xED;micos y biol&#xF3;gicos), para finalmente, establecer un punto de partida en el carb&#xF3;n activado, compuesto altamente similar a las cenizas volantes y el cual es el m&#xE1;s utilizado para tratamientos de adsorci&#xF3;n de contaminantes.</subfield>
  </datafield>
  <datafield tag="650" ind1=" " ind2="7">
    <subfield code="a">Aguas residuales</subfield>
    <subfield code="x">Tratamiento</subfield>
    <subfield code="2">embne</subfield>
    <subfield code="9">36403</subfield>
  </datafield>
  <datafield tag="650" ind1=" " ind2=" ">
    <subfield code="a">Cenizas volantes</subfield>
    <subfield code="9">16111</subfield>
  </datafield>
  <datafield tag="650" ind1=" " ind2="7">
    <subfield code="a">Eutrofizaci&#xF3;n</subfield>
    <subfield code="2"></subfield>
    <subfield code="9">19664</subfield>
  </datafield>
  <datafield tag="650" ind1=" " ind2="7">
    <subfield code="a">Aguas residuales</subfield>
    <subfield code="2">dcs</subfield>
    <subfield code="9">28203</subfield>
  </datafield>
  <datafield tag="700" ind1="1" ind2="0">
    <subfield code="a">Tamayo Loaiza, Juan Camilo</subfield>
    <subfield code="4">aut</subfield>
    <subfield code="e">aut</subfield>
    <subfield code="9">778404</subfield>
  </datafield>
  <datafield tag="700" ind1="1" ind2="0">
    <subfield code="a">V&#xE9;lez Vel&#xE1;squez, Santiago</subfield>
    <subfield code="4">ths</subfield>
    <subfield code="e">ths</subfield>
    <subfield code="9">569002</subfield>
  </datafield>
  <datafield tag="942" ind1=" " ind2=" ">
    <subfield code="c">TESIS</subfield>
  </datafield>
  <datafield tag="999" ind1=" " ind2=" ">
    <subfield code="c">783993</subfield>
    <subfield code="d">783993</subfield>
  </datafield>
  <datafield tag="502" ind1=" " ind2=" ">
    <subfield code="b">194</subfield>
    <subfield code="c">17</subfield>
  </datafield>
  <datafield tag="526" ind1=" " ind2=" ">
    <subfield code="a">196</subfield>
  </datafield>
  <datafield tag="952" ind1=" " ind2=" ">
    <subfield code="0">0</subfield>
    <subfield code="1">0</subfield>
    <subfield code="4">0</subfield>
    <subfield code="7">0</subfield>
    <subfield code="8">TESELEC</subfield>
    <subfield code="a">CENDI</subfield>
    <subfield code="b">CENDI</subfield>
    <subfield code="d">2018-11-21</subfield>
    <subfield code="e">Material adquirido por donaci&#xF3;n</subfield>
    <subfield code="i">C1300488</subfield>
    <subfield code="l">0</subfield>
    <subfield code="o">EMA 11826</subfield>
    <subfield code="r">2023-05-04 00:00:00</subfield>
    <subfield code="t">1</subfield>
    <subfield code="w">2023-05-04</subfield>
    <subfield code="y">INTER</subfield>
    <subfield code="z">Acceso restringido.</subfield>
  </datafield>
</record>
